000
00249nam a2200097Ia 4500
005
20251222114357.0
008
251222s1900||||xx |||||||||||||| ||spa||
082
_a
DVD0120/S59.2/2000
245
0
_a
J.S. Bach (1685 - 1750): violĂn concerto:
942
_c
DVD
999
_c
1462
_d
1462